000 00495nam a2200169 a 4500
001 000023063
005 20200930021950.0
008 101125s1980 ja 001 0 eng d
020 _a0860082717
040 _aDO-SdBNP
_beng
_cBNPHU
082 _ann*
_bnn*
100 1 _aOkita, Saburo.
_947478
245 1 4 _aThe developing economies and Japan :
_blessons in growth /
_cSaburo Okita.
260 _aJapan :
_bUniversity of Tokyo Press,
_c1980.
300 _a284 p. :
_bil. ;
_c23 cm.
049 _aBNGR
999 _c22560
_d22560